000 01555nam a2200301 a 4500
001 61821
003 BD-RjUL
005 20211209081015.0
008 170121s2007 bg a s o000 0|eng||
020 _a9845087361
_c: Tk. 500.00 Inland
035 _a(BD-RjUL)61945
040 _aDLC
_cDLC
_dDLC
_dBD-RjUL
_beng
041 0 _aengben
082 _223
_a304.6095492021
_bBRA 2007 (ZS)
110 _aBangladesh Bureau of Statistics.
_9179266
245 1 0 _aBangladesh population census-2001 = বাংলাদেশ আদমশুমারি-২০০১ :
_bZila series, Zila: Brahmanbaria = জেলা সিরিজ, জেলা: ব্রাহ্মনবাড়ীয়া /
_cBangladesh Bureau of Statistics.
246 _aবাংলাদেশ আদমশুমারি-২০০১ :
_bজেলা সিরিজ, জেলা : ব্রাহ্মনবাড়ীয়া
260 _aDhaka :
_bBangladesh Bureau of Statistics,
_c2007.
300 _axviii, 285 p. :
_bill. ;
_c28 cm.
490 _aZila series, Zila: Brahmanbaria
490 _aজেলা সিরিজ, জেলা: ব্রাহ্মনবাড়ীয়া
500 _aPrefatory matter in Bengali and English.
651 _aBangladesh
_zBrahmanbaria
_vcensus, 2001
_9184048
651 _aBangladesh
_zBrahmanbaria
_xPopulation
_vStatistics
_9184049
830 _aZila series, Zila: Brahmanbaria
_9181983
830 _aজেলা সিরিজ, জেলা: ব্রাহ্মনবাড়ীয়া
_9184132
942 _2ddc
_cRAR
999 _c61821
_d61821